00555nam a2200169Ia 4500008004100000020001500041041001200056082001600068100001800084245004200102260002500144300000800169650001600177942000700193999001500200952017000215221030s9999 xx 000 0 und d a0074604827 aEnglish a105.23bDon aJ. J. Donovan 0aSystems Programmingcby J. J. Donovan bTMHaNew Delhic1999 a488 aBE Computer cBK c8538d8538 pBE 732g180.00l0o105.23 Donr2022-10-30 00:00:00w2022-10-30yBK003Print4070aMIETLIBbMIETLIBcBL-Academic Block A, FL-1, CUP-85, SH-3, R-3d1999-12-0910HBE